| 000 | 00790nam a22002177a 4500 | ||
|---|---|---|---|
| 999 |
_c13447 _d13447 |
||
| 003 | AR-CdUCM | ||
| 008 | 190415b ||||| |||| 00| 0 spa d | ||
| 040 |
_aMUNICIPALIDAD PROVINCIAL DEL CUSCO _cBIBLIOTECA MUNICIPAL DEL CUSCO |
||
| 082 |
_aC / 378.103 / _bF38 |
||
| 100 |
_aFerdinand Cuadros, Carlos _922810 |
||
| 245 | _aUniversidad y emancipación nacional / | ||
| 260 |
_aCuzco : _bH.G. Rozas, _c1958. |
||
| 300 |
_a75 paginas ; _c24 cm. |
||
| 500 | _aDedicatoria | ||
| 505 | _aContenido : El pensamiento reformista de la universidad peruana -- Realidad universitaria actual -- La nueva universidad peruana. | ||
| 650 |
_aPerú _935 |
||
| 650 |
_aUniversidad Peruana _912786 |
||
| 650 |
_aLa realidad de la universidad _931871 |
||
| 942 |
_2ddc _cLIBROS |
||
| 945 |
_awnts _d2019-04-15 |
||